| 000 | 00718 a2200193 4500 | ||
|---|---|---|---|
| 003 | Nust | ||
| 005 | 20230308192744.0 | ||
| 040 | _cNust | ||
| 082 | _a341.297,ALI | ||
| 100 | _aDr.M.Basharat Ali | ||
| 245 |
_aLaws and principles of Quranic Sociology / _cDr.M.Basharat Ali |
||
| 250 | _a1st ed | ||
| 260 |
_aThe Jamiya-Ul-Falah Publication _bKarachi _c1971 |
||
| 300 |
_a143 p; _billus _c19 cm |
||
| 505 | _aThe Natural Study Of Society (Page-1), Framework Of Quranic Sociology (Page-12), Changing Patterns (Page-52), Social Changes (Page-80), Sociological Problems (Page-109). | ||
| 600 |
_aDr.M.Basharat Ali _9105855 |
||
| 651 |
_aLaws and principles of quranic sociology _9105856 |
||
| 942 |
_2ddc _cBK _k341.297,ALI |
||
| 999 |
_c184787 _d184787 |
||